MYTH OF THE OIL CRISIS OVERCOMING THE CH (Record no. 20720)

MARC details
000 -LEADER
fixed length control field 00345nam a2200133Ia 4500
008 - FIXED-LENGTH DATA ELEMENTS--GENERAL INFORMATION
fixed length control field 240624s9999 xx 000 0 und d
041 ## - LANGUAGE CODE
Language code of text/sound track or separate title eng
082 ## - DEWEY DECIMAL CLASSIFICATION NUMBER
Classification number 333.8 MIL
100 ## - MAIN ENTRY--PERSONAL NAME
Personal name MILLS ROBIN M
245 ## - TITLE STATEMENT
Title MYTH OF THE OIL CRISIS OVERCOMING THE CH
260 ## - PUBLICATION, DISTRIBUTION, ETC.
Date of publication, distribution, etc. 2008
Place of publication, distribution, etc. London
Name of publisher, distributor, etc. Praeger
300 ## - PHYSICAL DESCRIPTION
Extent xviii, : 317 : p. : cm. ; 24
365 ## - TRADE PRICE
Currency code
Price amount 26
Holdings
Withdrawn status Lost status Damaged status Not for loan Home library Current library Shelving location Date acquired Source of acquisition Cost, normal purchase price Full call number Barcode Date last seen Copy number Price effective from Koha item type
        IMTN IMTN Rack 12-B 12/13/2012 TB 63.00 333.8 MIL 20720 06/24/2024 57.7 06/24/2024 Books
Designed & Maintained by: LRC IMT Nagpur Contact: lrc@imtnag.ac.in© 2024. All Rights Reserved.